<?xml version="1.0" encoding="UTF-8"?>
<collection xmlns="http://www.loc.gov/MARC21/slim">
    <record>
        <controlfield tag="001">68706</controlfield>
        <controlfield tag="005">20180223095357.0</controlfield>
        <datafield tag="037" ind1=" " ind2=" ">
            <subfield code="a">GDOC-2016-60062</subfield>
        </datafield>
        <datafield tag="041" ind1=" " ind2=" ">
            <subfield code="a">spa</subfield>
        </datafield>
        <datafield tag="100" ind1=" " ind2=" ">
            <subfield code="0">(orcid)0000-0003-1400-9041</subfield>
            <subfield code="1">115856</subfield>
            <subfield code="a">Gómez Cotín, María Teresa</subfield>
        </datafield>
        <datafield tag="245" ind1="0" ind2="0">
            <subfield code="9">60062</subfield>
            <subfield code="a">Técnicas para la detección, caracterización y cuantificación de nanomateriales II</subfield>
        </datafield>
        <datafield tag="260" ind1=" " ind2=" ">
            <subfield code="a">Zaragoza</subfield>
            <subfield code="b">Universidad de Zaragoza</subfield>
            <subfield code="c">2016-2017</subfield>
        </datafield>
        <datafield tag="520" ind1=" " ind2=" ">
            <subfield code="a">Breve presentación de la asignatura
Las asignaturas Técnicas para la detección, caracterización y cuantificación de nanomateriales I y II, constituyen el módulo Detección, caracterización y cuantificación de nanomateriales. Ambas asignaturas son obligatorias y de carácter cuatrimestral. En el caso de Técnicas para la detección, caracterización y cuantificación de nanomateriales II, la asignatura tiene 6 créditos ECTS, con la siguiente distribución de horas presenciales:

15 sesiones expositivas.
5 horas de sesiones de problemas.
7 horas de sesiones de casos.
20 horas de sesiones prácticas.
7 horas de trabajo dirigido.
</subfield>
            <subfield code="b"> </subfield>
        </datafield>
        <datafield tag="521" ind1=" " ind2=" ">
            <subfield code="9">689</subfield>
            <subfield code="a">Nanotecnología Medioambiental</subfield>
        </datafield>
        <datafield tag="540" ind1=" " ind2=" ">
            <subfield code="a">by-nc-sa</subfield>
            <subfield code="b">Creative Commons</subfield>
            <subfield code="c">3.0</subfield>
            <subfield code="u">http://creativecommons.org/licenses/by-nc-sa/3.0/</subfield>
        </datafield>
        <datafield tag="700" ind1=" " ind2=" ">
            <subfield code="0">(orcid)0000-0003-3727-3275</subfield>
            <subfield code="1">134544</subfield>
            <subfield code="a">Cepriá Pamplona, Gema</subfield>
        </datafield>
        <datafield tag="700" ind1=" " ind2=" ">
            <subfield code="0">(orcid)0000-0002-8460-6020</subfield>
            <subfield code="1">143915</subfield>
            <subfield code="a">Jiménez García-Alcalá, María Sierra</subfield>
        </datafield>
        <datafield tag="700" ind1=" " ind2=" ">
            <subfield code="0">(orcid)0000-0001-5382-0561</subfield>
            <subfield code="1">324174</subfield>
            <subfield code="a">Bolea Morales, Eduardo</subfield>
        </datafield>
        <datafield tag="700" ind1=" " ind2=" ">
            <subfield code="0">(orcid)0000-0002-4070-8607</subfield>
            <subfield code="1">386993</subfield>
            <subfield code="a">Castillo Suárez, Juan Ramón</subfield>
        </datafield>
        <datafield tag="830" ind1=" " ind2=" ">
            <subfield code="9">544</subfield>
        </datafield>
        <datafield tag="856" ind1="4" ind2=" ">
            <subfield code="s">14228</subfield>
            <subfield code="u">http://zaguan.unizar.es/record/68706/files/guia-60062-es.pdf</subfield>
            <subfield code="y">Guía (idioma español)</subfield>
        </datafield>
        <datafield tag="856" ind1="4" ind2=" ">
            <subfield code="s">7226</subfield>
            <subfield code="u">http://zaguan.unizar.es/record/68706/files/guia-60062-en.pdf</subfield>
            <subfield code="y">Guide (english)</subfield>
        </datafield>
        <datafield tag="970" ind1=" " ind2=" ">
            <subfield code="a">GDOC-2016-60062</subfield>
        </datafield>
        <datafield tag="980" ind1=" " ind2=" ">
            <subfield code="a">GDOC</subfield>
            <subfield code="b">Ciencias</subfield>
            <subfield code="c">100</subfield>
        </datafield>
    </record>

    
</collection>